| 000 | 00366nam a22001697a 4500 | ||
|---|---|---|---|
| 003 | SGT | ||
| 020 | _a9789389309331 | ||
| 082 |
_a618.2 _bC21D |
||
| 100 | _aDAMS | ||
| 245 | _aCONCEPT BOOK OBSTETRICS AND GYNAECOLOGY | ||
| 250 | _a1ST | ||
| 260 |
_aINDIA _bDAMS PUB _c2021 |
||
| 300 | _a372 | ||
| 650 | _aOBST & GYNAE | ||
| 653 | _aEXAM BOOK | ||
| 942 |
_2ddc _cBK |
||
| 999 |
_c22460 _d22460 |
||